Deathman, do not follow me / (Record no. 12018)
[ view plain ]
| 000 -LEADER | |
|---|---|
| fixed length control field | 00468nam a22001817a 4500 |
| 003 - CONTROL NUMBER IDENTIFIER | |
| control field | LC |
| 005 - DATE AND TIME OF LATEST TRANSACTION | |
| control field | 20160316144807.0 |
| 008 - FIXED-LENGTH DATA ELEMENTS--GENERAL INFORMATION | |
| fixed length control field | 130924t xxu||||| |||| 00| 0 eng d |
| 020 ## - INTERNATIONAL STANDARD BOOK NUMBER | |
| International Standard Book Number | 0590029630 |
| 050 ## - LIBRARY OF CONGRESS CALL NUMBER | |
| Classification number | PZ 4 |
| Item number | .B4698 1968 |
| 082 ## - DEWEY DECIMAL CLASSIFICATION NUMBER | |
| Classification number | FIC |
| Item number | B43d 1968 |
| 100 ## - MAIN ENTRY--PERSONAL NAME | |
| Personal name | Bennett, Jay |
| 9 (RLIN) | 21472 |
| 245 ## - TITLE STATEMENT | |
| Title | Deathman, do not follow me / |
| Statement of responsibility, etc | Jay Bennett.. |
| 260 ## - PUBLICATION, DISTRIBUTION, ETC. (IMPRINT) | |
| Place of publication, distribution, etc | N.Y : |
| Name of publisher, distributor, etc | Scholastic, |
| Date of publication, distribution, etc | 1968. |
| 300 ## - PHYSICAL DESCRIPTION | |
| Extent | 144 p. : |
| Dimensions | 18 cm. |
| 942 ## - ADDED ENTRY ELEMENTS (KOHA) | |
| Source of classification or shelving scheme | Library of Congress Classification |
| Koha item type | AudioBooks |
| Withdrawn status | Lost status | Source of classification or shelving scheme | Damaged status | Home library | Current library | Shelving location | Date acquired | Total Checkouts | Full call number | Barcode | Date last seen | Copy number | Price effective from | Koha item type |
|---|---|---|---|---|---|---|---|---|---|---|---|---|---|---|
| Library of Congress Classification | Luxembourg Library | Luxembourg Library | Fiction Section | 09/24/2013 | PZ 4 .B4698 1968 | 10952 | 09/24/2013 | 1 | 09/24/2013 | Books |